Normal view
MARC view
Entry Personal Name
001 - CONTROL NUMBER
- control field: 248497
003 - CONTROL NUMBER IDENTIFIER
- control field: OSt
005 - DATE AND TIME OF LATEST TRANSACTION
- control field: 20251209152815.0
008 - FIXED-LENGTH DATA ELEMENTS
- fixed length control field: 251209|| aca||aabn | a|a d
040 ## - CATALOGING SOURCE
- Original cataloging agency: OSt
- Transcribing agency: OSt
100 ## - HEADING--PERSONAL NAME
- Personal name: Weiss, Sholom M
670 ## - SOURCE DATA FOUND
- Source citation: Work cat.: (OSt)190948: Weiss, Sholom M., Text mining: , 2010.